Physical chemistry / (Record no. 4356)

MARC details
000 -LEADER
fixed length control field 01218nac a22003371i 4500
003 - CONTROL NUMBER IDENTIFIER
control field EG-ScBUE
005 - DATE AND TIME OF LATEST TRANSACTION
control field 20250723091045.0
008 - FIXED-LENGTH DATA ELEMENTS--GENERAL INFORMATION
fixed length control field 250717s2005 nyua f b 001 0 eng d
020 ## - INTERNATIONAL STANDARD BOOK NUMBER
International Standard Book Number 1859961940
020 ## - INTERNATIONAL STANDARD BOOK NUMBER
International Standard Book Number 9781859961940
035 ## - SYSTEM CONTROL NUMBER
System control number (OCoLC)ocm47979927
040 ## - CATALOGING SOURCE
Original cataloging agency EG-ScBUE
Language of cataloging eng
Description conventions rda
Transcribing agency EG-ScBUE
Modifying agency EG-ScBUE
082 04 - DEWEY DECIMAL CLASSIFICATION NUMBER
Classification number 541.3
Item number WHI
Edition number 22
100 1# - MAIN ENTRY--PERSONAL NAME
Personal name Whittaker, A. G.,
Relator term author.
245 10 - TITLE STATEMENT
Title Physical chemistry /
Statement of responsibility, etc A. G. Whittaker, A. R. Mount & M. R. Heal, Department of Chemistry, University of Edinburgh, Edinburgh, UK.
264 #1 - PUBLICATION, DISTRIBUTION, ETC. (IMPRINT)
Place of publication, distribution, etc New York :
Name of publisher, distributor, etc Taylor & Francis Group,
Date of publication, distribution, etc 2005.
300 ## - PHYSICAL DESCRIPTION
Extent vi, 286 pages :
Other physical details illustrations ;
Dimensions 25 cm.
336 ## - CONTENT TYPE
Source rdacontent
Content type term text
Content type code txt
337 ## - MEDIA TYPE
Media type term unmediated
Source rdamedia
Media type code n
338 ## - CARRIER TYPE
Carrier type term volume
Carrier type code nc
Source rdacarrier
490 0# - SERIES STATEMENT
Series statement Instant notes
500 ## - GENERAL NOTE
General note Includes Appendices.<br/>
500 ## - GENERAL NOTE
General note Digital printing.
504 ## - BIBLIOGRAPHY, ETC. NOTE
Bibliography, etc Includes bibliographical references and index.<br/>
650 #7 - SUBJECT ADDED ENTRY--TOPICAL TERM
Topical term or geographic name as entry element Chemistry, Physical and theoretical.
Source of heading or term BUEsh
655 ## - INDEX TERM--GENRE/FORM
Form subdivision Reading book
700 1# - ADDED ENTRY--PERSONAL NAME
Personal name Mount, A. R.,
Relator term author.
700 1# - ADDED ENTRY--PERSONAL NAME
Personal name Heal, M. R.,
Relator term author.
856 42 - ELECTRONIC LOCATION AND ACCESS
Materials specified Publisher description
Uniform Resource Identifier <a href="http://www.loc.gov/catdir/enhancements/fy0653/2002510787-d.html">http://www.loc.gov/catdir/enhancements/fy0653/2002510787-d.html</a>
942 ## - ADDED ENTRY ELEMENTS (KOHA)
Koha item type Book - Borrowing
Source of classification or shelving scheme Dewey Decimal Classification
Holdings
Withdrawn status Lost status Source of classification or shelving scheme Damaged status Not for loan Collection code Home library Current library Shelving location Date acquired Source of acquisition Total Checkouts Full call number Barcode Date last seen Koha item type
    Dewey Decimal Classification     Baccah Central Library Central Library First floor 04/09/2007 Purchase   541.3 WHI 000005176 15/07/2025 Book - Borrowing